Rok so žiackou školskou radou

Bibliographic Details
Main Authors: Miháliková, Jana (Author), Gajdošová, Miroslava (Author)
Format: Book
Language:Slovak
PhysicalDescription:53 s. fotogr., ilustr. 21 cm
Published: Bratislava Iuventa 2011
ISBN:9788080720728
Edition:1. vyd.
Series:Participácia
Subjects:

MARC

LEADER 00000cam a2200000 a 4500
001 vtls010515079
003 SK-MaSNL
005 20260426012427.0
008 240318s2011 xo ao j f 000 0 slo
015 |a SNBA2013/07 
020 |a 9788080720728  |q (brož.) 
035 |a 2627FA5B-6CA3-4DE3-839D-1D98C05C6710 
035 |a urn:nbn:sk:snk-aml1je 
035 |a urn:nbn:sk:snk-am008n52 
040 |a SNK  |b slo  |c SNK  |e AACR2 
041 0 |a slo 
043 |a e-xo--- 
044 |a xo  |c SK 
072 7 |a 371  |x Školstvo (organizácia)  |2 konspekt 
080 |a 371.07  |2 2001 
080 |a 371.1  |2 2001 
080 |a 373.3.011.3-052  |2 2001 
080 |a 005.56  |2 2001 
080 |a 316.772.4  |2 2001 
080 |a (437.6)  |2 2001 
080 |a 371.59  |2 2001 
080 |a (035)  |2 2001 
100 1 |a Miháliková, Jana  |4 aut  |9 300165 
245 1 0 |a Rok so žiackou školskou radou  |c Jana Miháliková, Miroslava Gajdošová 
250 |a 1. vyd. 
260 |a Bratislava  |b Iuventa  |c 2011 
300 |a 53 s.  |b fotogr., ilustr.  |c 21 cm 
366 |e 2000 výt. 
490 1 |a Participácia 
500 |a Názov z obalu 
504 |a Bibliogr.: s. 52-53 ; bibliogr. odkazy ; pozn. 
650 0 7 |a žiacka samospráva  |2 SNKPH  |9 71396 
650 0 7 |a školská správa  |2 SNKPH  |9 18129 
650 0 7 |a manažment školy  |2 SNKPH  |9 67970 
650 0 7 |a žiaci  |2 SNKPH  |9 16621 
650 0 7 |a participatívny manažment  |2 SNKPH  |9 79165 
650 0 7 |a interpersonálna komunikácia  |2 SNKPH  |9 2690 
650 0 7 |a Pupil power  |2 SNKPHeng  |9 372635 
650 0 7 |a School administration  |2 SNKPHeng  |9 443546 
650 0 7 |a School management  |2 SNKPHeng  |9 276158 
650 0 7 |a Learners  |2 SNKPHeng  |9 275930 
650 0 7 |a Participative management  |2 SNKPHeng  |9 353636 
650 0 7 |a Interpersonal communication  |2 SNKPHeng  |9 306572 
651 7 |a Slovensko  |2 SNKPH  |9 14231 
651 7 |a Slovakia  |2 SNKPHeng  |9 92630 
655 7 |a príručky  |2 SNKPH  |9 74364 
655 7 |a Handbooks, manuals, etc.  |2 SNKPHeng  |9 90964 
700 1 |a Gajdošová, Miroslava  |4 aut  |9 335914 
830 0 |a Participácia  |9 333967 
852 |a Štátna vedecká knižnica v Banskej Bystrici 
919 |a 978-80-8072-072-8 
958 |a NB 
999 |c 1096587  |d 1098517 
952 |a SNK  |b SNK  |y PREZ  |7 0  |p 17A1073716  |o snkSC 155151  |i snk2013/15325  |8 0  |0 0  |1 0  |4 0  |d 2013-07-02  |f 1  |l 0  |r 2025-07-25 00:00:00  |w 2026-02-24 
952 |a SNK  |b SNK  |y VYP  |7 0  |p 17A1073717  |o snkSC 155151 D1  |i snk2013/15326  |8 0  |0 0  |1 0  |4 0  |d 2013-07-02  |l 0  |r 2026-02-24 17:17:14  |w 2026-02-24